000 00697cam a2200241Ia 4500
001 PASb10766639
003 CP
005 20220506104330.0
008 940314r19911990sp a 000 1 spa d
020 _a847722613X
020 _a9788477226130
040 _aDMP
_cDMP
_dOCLCQ
_dCGL
041 _aspa
092 _a468
_bAVE
100 1 _aAverbuj, Eduardo.
245 1 3 _aEl enigma del cadaver desaparecido /
_cEduardo Averbuj, Horace Elena.
260 _aBarcelona, Spain :
_bEditorial Timun Mas,
_c1991, 1990.
300 _a111 p. :
_bill. ;
_c20 cm.
490 1 _aLos casos de Newton Balas
650 0 _aSpanish language
_vReaders.
650 0 _aDetective and mystery stories.
942 _cBK
999 _c27009
_d27009